Normal view
MARC view
- Ben-Uri, Joseph
Entry Personal Name
001 - CONTROL NUMBER
- control field: 7313
003 - CONTROL NUMBER IDENTIFIER
- control field: OSt
005 - DATE AND TIME OF LATEST TRANSACTION
- control field: 20250320154327.0
008 - FIXED-LENGTH DATA ELEMENTS
- fixed length control field: 250320|| aca||aabn | a|a d
040 ## - CATALOGING SOURCE
- Original cataloging agency: OSt
- Transcribing agency: OSt
100 ## - HEADING--PERSONAL NAME
- Personal name: Ben-Uri, Joseph
670 ## - SOURCE DATA FOUND
- Source citation: Work cat.: (OSt)7595: Koren, Yoram . 7312, Numerical control of machine tools / , 1984.
